o-Deklination (2. Deklination): vir - Statistiken

Allgemein
  • Dieses Quiz wurde 14 mal gespielt
  • Das Durchschnittsergebnis liegt bei 8 aus 10
Antwortstatistiken
Hint Antwort % Korrekt
Nom. Sg. vir
100%
Dat. Sg. viro
90%
Gen. Sg. viri
80%
Nom. Pl. viri
70%
Dat. Pl. viris
70%
Abl. Pl. viris
70%
Abl. Sg. viro
70%
Gen. Pl. virorum
70%
Akk. Pl. viros
70%
Akk. Sg. virum
70%
Keine übereinstimmenden Quizze gefunden
Verteilung der Resultate
Anzahl Personen mit jedem Resultat
Perzentil nach korrekt beantworteten Fragen
Ihre Resultats-Entwicklung
Sie haben dieses Quiz noch nicht gespielt